000 01807nam a2200265 a 4500
001 ASIN0813333792
005 20170105102910.0
008 131029s2001 xxu eng d
020 _a0813333792 (paperback)
_c$50.00
020 _a9780813333793 (paperback)
040 _a0
050 0 4 _aJZ1519
082 0 4 _a016.327098
100 1 _aAtkins, G. Pope.
245 1 0 _aHandbook of research on latin american and caribbean international relations :
_bthe development of concepts and themes /
_cG. Pope Atkins.
250 _a0th ed.
260 _a[S.l.] :
_bWestview Press,
_c2001.
300 _a416 p. ;
_c23 cm.
520 _aThe study of Latin American and Caribbean international relations has a long evolution both within the development of international relations as a general academic undertaking and in terms of the particular characteristics that distinguish the approaches taken by scholars in the field. This handbook provides a thorough multidisciplinary reference guide to the literature on the various elements of the international relations of Latin America and the Caribbean. Citing over 1600 sources that date from the nineteenth century to the present, with emphasis on recent decades, the volume's analytic essays trace the evolution of research in terms of concepts, issues, and themes. The Handbook is a companion volume to Atkins' Latin America and the Caribbean in the International System, Fourth Edition, but also serves as an invaluable stand-alone reference volume for students, scholars, researchers, journalists, and practitioners, both official and private.
650 0 _aCaribbean Area
650 0 _aInternational relations
650 0 _aLatin America
856 4 0 _3Amazon.com
_uhttp://www.amazon.com/exec/obidos/ASIN/0813333792/chopaconline-20
942 _2ddc
_cBK
999 _c15091
_d15091